| 000 -ლიდერი |
| ფიქსირებული სიგრძის საკონტროლო ველი |
01219nam a2200277Ia 4500 |
| 001 - საკონტროლო ნომერი |
| საკონტროლო ველი |
23071 |
| 003 - საკონტროლო ნომრის იდენტიფიკატორი |
| საკონტროლო ველი |
GE_BSU |
| 005 - ბოლო ოპერაციის თარიღი და დრო |
| საკონტროლო ველი |
20230703173036.0 |
| 008 - ფიქსირებული სიგრძის მონაცემთა ელემენტები - ზოგადი ინფორმაცია |
| ფიქსირებული სიგრძის საკონტროლო ველი |
181216s1990||||ge |||||||||||||| ||geo|| |
| 040 ## - კატალოგიზაციის წყარო |
| Transcribing agency |
GE_BSU |
| 041 ## - ენის კოდი |
| Language code of text/sound track or separate title |
geo |
| 080 ## - უნივერსალური ათობითი კლასიფიკაციის ინდექსი |
| Universal Decimal Classification number |
821.161.1-32 უ-71 |
| 100 ## - მთავარი ჩანაწერი - პიროვნების სახელი |
| Personal name |
უსპენსკი, ვ. |
| 9 (RLIN) |
19160 |
| 245 ## - ცნობა სათაურის შესახებ |
| Title |
ოქროს საწმისი / |
| Statement of responsibility, etc |
ვ. უსპენსკი, ლ. უსპენსკი ; რედ. კ. ცქიტიშვილი ; მთარგმნ. მ. კვარაცხელია. |
| 264 ## - წარმოების, გამოცემის, დისტრიბუციის და სხვა ცნობები |
| გამოცემის, წარმოების, დისტრიბუციის... ადგილი |
თბილისი : |
| გამოცემის, წარმოების, დისტრიბუციის... სახელწოდება |
ივერთა მხარე, |
| გამოცემის, წარმოების, დისტრიბუციის... თარიღი |
1990. |
| 300 ## - ფიზიკური აღწერა |
| Extent |
128 გვ. ; |
| Dimensions |
20 სმ. |
| 500 ## - ზოგადი შენიშვნა |
| General note |
კანზე ავტორი მითითებული არ არის |
| 520 ## - SUMMARY, ETC. |
| Summary, etc |
კანზე ავტ. მითით. არ არის. |
| 653 ## - INDEX TERM--UNCONTROLLED |
| Uncontrolled term |
არგონავტიკა |
| 653 ## - INDEX TERM--UNCONTROLLED |
| Uncontrolled term |
მითები |
| 653 ## - INDEX TERM--UNCONTROLLED |
| Uncontrolled term |
ოქროს საწმისი |
| 700 ## - ADDED ENTRY--PERSONAL NAME |
| Personal name |
ცქიტიშვილი, კ. |
| Relator term |
რედაქტორი |
| 9 (RLIN) |
4511 |
| 700 ## - ADDED ENTRY--PERSONAL NAME |
| Personal name |
კვარაცხელია, მ. |
| Relator term |
მთარგმნელი |
| 9 (RLIN) |
19161 |
| 942 ## - ADDED ENTRY ELEMENTS (KOHA) |
| Koha item type |
წიგნი |
| Source of classification or shelving scheme |
|